Регионална библиотека "Любен Каравелов" - Русе

Анатомия на човека (Запис номер 10207)

MARC детайли
000 -Лидер
Контролно поле с фиксирана дължина 01305nam a2200325 c 4500
003 - Код на организацията, давaща контролен номер
Контролно поле BLK
005 - Дата и час на последна редакция
Контролно поле 20250322112601.0
008 - Елементи от данни с фиксирана дължина
fixed length control field 180412b bul|||||r ||||||| ||bul||
010 ## - Наследен системен номер
LC control number KNG00011676000
020 ## - Международен стандартен номер на книга ISBN
Международен стандартен номер на книга ISBN 954-420-159-9
-- издат.: Медицина и физкултура - на том
040 ## - Източник на каталожния запис
Идентификатор на билиотеката - собственик на записа BLK
041 ## - Код за език
Код за езика на текст/звукозапис или на отделно заглавие Български
Код за езика КДБФ Български
080 ## - УДК
Текстов определител УДК Анатомия. Вж и 572 ; 591.4 ; 616.1/.9 ; 343.9 ; 743
УДК код - определител по УДК 611
УДК определител (075.8)
УДК - код + определител 611(075.8)
139 ## - Редно поле
Редна дума Анатомия на човека
Авторски знак Ан - А 64
245 10 - Сведения за заглавието
Заглавие Анатомия на човека
Подзаглавни данни Учебник за студенти по медицина и стоматология : Ч. 1 -
Редно поле (дума) авт. на том Васил Асенов Василев.
Том Ч. 2
257 ## - Страна на издаване
Страна на създаване/издаване България
260 ## - Област на издателските данни
-- София
Година на издаване 1995 -
300 ## - Физическа характеристика
Размери/Мащаб 30 см
380 ## - Жанр
Жанр Медицина
650 #4 - Допълнително описание по предмет – тема
Основно описание – тема или топоним Анатомия - учебници за ВУЗ
9 (RLIN) 241831
653 ## - Ключова дума – ненормативна
Ключова дума анатомия
700 1# - Други автори (авторска отговорност)
Лично име Василев, Васил Асенов
Автороска отговорност (Описва отношението между автора и произведението) авт. на том
9 (RLIN) 253281
760 1# - Описание на основната серия
-- - на том
Място на издаване, издател и година Медицина и физкултура, 1996
Страници - том 412 с. : със сх.
Заглавие Ч. 2
852 ## - Местоположение
Форматна сигнатура Цб ІІ 8448
856 4# - Електронен адрес и достъп
Електронен формат pdf - файл
Път до файла /url/
856 4# - Електронен адрес и достъп
Електронен формат pdf - файл
Път до файла /url/
942 ## - АРТИКУЛИ
Вид на библиотечния материал Книги
Скрит в OPAC Не
Koha issues (borrowed), all copies 1
944 ## - СЪЗДАВАНЕ И РЕДАКЦИЯ на ЗАПИСА
Създаване/Редакция Създаване
Дата на регистрацията/редакция 20.03.2003
Служител, извършил регистрацията/редакцията 30563
Статус, дата на статуса Ивелин Русев
944 ## - СЪЗДАВАНЕ И РЕДАКЦИЯ на ЗАПИСА
Създаване/Редакция Редакция
Дата на регистрацията/редакция 25.01.2013
Служител, извършил регистрацията/редакцията
999 ## - СИСТЕМНИ КОНТРОЛНИ НОМЕРА
Koha biblionumber 10207
Koha biblioitemnumber 10207
Наличности
Код за отписване Код за изгубен артикул Източник на класификационната схема Код за повреда Коз за рестрикции Код за отдаване Артикулен № Име на библиотеката - собственик Име на библиотеката, в която се намира в момента Статус (Текущо местоположение) Дата на вписване в системата Местоположение - отдел Цена в лева Инвентарен номер Систематично азбучна сигнатура Баркод Номер на екземпляра Цена в евро Служебен тип на артикула Служебна бележка
  Не е изгубен Universal Decimal Classification Не е повреден само за читалня ползва се в читалня 17713 Регионална библиотека "Любен Каравелов" Русе Регионална библиотека "Любен Каравелов" Русе Хранилище 2025-03-22 Хранилище 0.00 621162 Цб II 8448 120000621162 1 0.00 Книги  
  Не е изгубен Universal Decimal Classification Не е повреден без рестрикции ползва се в читалня 17714 Регионална библиотека "Любен Каравелов" Русе Регионална библиотека "Любен Каравелов" Русе Читалня 1996-01-01 Читалня 0.00 629045 Ч 611/А 64 120000629045 2 0.00 Книги Дост: Pk Вид: Ф N: стар фонд Дата: 01.01.1996 Дата инв: 17.03.2017 Бележки инв: Ч2017
Изтеглен Не е изгубен Universal Decimal Classification Не е повреден без рестрикции заемане за дома 17715 Регионална библиотека "Любен Каравелов" Русе Регионална библиотека "Любен Каравелов" Русе Заемна - подръчен фонд 1995-01-01 Заемна - подръчен фонд 15.00 665264 П 611/А 64 665264 3 7.67 Книги N: стар фонд Дата: 01.01.1995
Vip Innovations Ltd, Rousse, Bulgaria 2025